Statistics for Jetpunk Featured Quiz Challenge # 9

Click here to take the quiz!

General Stats

  • This quiz has been taken 37 times
  • The average score is 15 of 20

Answer Stats

HintAnswer% Correct
One-Syllable Human Body PartsArch / Arm / Back / Bone / Brain / Breast / Brow / Calf / Cell / Cheek / Chest / Chin / Disc / Ear / Eye / Face / Foot / Gland / Groin / Gum / Hair / Hand / Head / Heart / Heel / Hip / Jaw / Joint / Jowl / Knee / Leg / Lens / Limb / Lip / Lung / Mouth / Nail / Nape / Neck / Nerve / Node / Nose / Palm / Pate / Pons / Pore / Rib / Scalp / Shin / Skin / Skull / Sole / Spine / Spleen / Thigh / Throat / Thumb / Toe / Tongue / Tooth / Vein / Waist / Womb / Wrist
100%
Countries with Wild TigersIndia / Russia / Indonesia / Malaysia / Nepal / Thailand / Bangladesh / Bhutan / China / Vietnam / Laos / Myanmar / North Korea
94%
25 Most Photographed Cities in EuropeRome / Barcelona / Paris / Istanbul / Venice / Monaco / Florence / Budapest / Prague / Madrid / London / Lisbon / Munich / Verona / Vienna / Salzburg / Granada / Athens / Berlin / Porto / Amsterdam / Fira / San Sebastián / Valencia / Dublin
94%
Notable People of WWIIAdolf Hitler / Eva Braun / Winston Churchill / Dwight Eisenhower / Franklin D. Roosevelt / Harry Truman / Erwin Rommel / Joseph Stalin / Anne Frank / Bernard Montgomery / Georgy Zhukov / Douglas MacArthur / Hermann Göring / Heinrich Himmler / Joseph Goebbels / Hirohito / Benito Mussolini / Charles de Gaulle / George S. Patton / Hideki Tōjō / Neville Chamberlain
91%
Most Valuable Sports Teams QuizDallas Cowboys / Manchester United / Real Madrid / FC Barcelona / New York Yankees / New England Patriots / New York Knicks / New York Giants / Los Angeles Lakers / Golden State Warriors / Washington Redskins / FC Bayern Munich / San Francisco 49ers / Los Angeles Dodgers / Los Angeles Rams / Chicago Cubs / San Francisco Giants / Chicago Bears / Boston Red Sox / Houston Texans / New York Jets / Philadelphia Eagles / Chicago Bulls / Denver Broncos / Miami Dolphins / Green Bay Packers / Boston Celtics / Baltimore Ravens / Atlanta Falcons / Manchester City / Pittsburgh Steelers / Seattle Seahawks / Minnesota Vikings / Oakland Raiders / Indianapolis Colts / Brooklyn Nets / Carolina Panthers / Los Angeles Chargers / Arsenal FC / Houston Rockets / Los Angeles Clippers / Arizona Cardinals / New York Mets / Kansas City Chiefs / Jacksonville Jaguars / Chelsea FC / Tennessee Titans / New Orleans Saints / Tampa Bay Buccaneers / Cleveland Browns
91%
Disneyland LocationsLos Angeles / Anaheim / Orlando / Lake Buena Vista / Tokyo / Urayasu / Paris / Marne-la-Vallée / Hong Kong / Shanghai
91%
European Countries with NO WolvesAustria / Belgium / Denmark / Iceland / Ireland / Liechtenstein / Luxembourg / Malta / Moldova / Monaco / Netherlands / San Marino / United Kingdom / Vatican City
88%
Capitals of Most Populated CountriesBeijing / New Delhi / Washington, D.C. / Jakarta / Brasilia / Islamabad / Abuja / Dhaka / Moscow / Tokyo / Mexico City / Manila / Hanoi / Addis Ababa / Cairo / Berlin / Tehran / Ankara / Kinshasa / Bangkok
88%
Major World ReligionsChristianity / Islam / Hinduism / Buddhism / Confucianism / Taoism / Sikhism / Judaism / Shinto / Baha'i Faith / Jainism / Zoroastrianism / Catholicism / Protestantism / Orthodox Church / Sunnism / Shi'ism / Vaishnavism / Shaivism / Mahayana / Theravada
88%
Biggest Cities in Africa QuizCairo / Lagos / Johannesburg / Pretoria / Kinshasa / Luanda / Khartoum / Dar es Salaam / Alexandria / Nairobi / Abidjan / Accra / Kano / Casablanca / Cape Town / Algiers / Addis Ababa / Dakar / Ibadan / Durban / Kampala / Abuja
84%
European Geography By Letter - EEdinburgh / Eiffel Tower / English Channel / Estonia / England / Essex / East Anglia / Mount Elbrus / East Germany / East Berlin / Essen / Elk / Elbe / Mount Etna / España / Éire / EasyJet / Euro / Évian-les-Bains / Elba
84%
Jewish Cities QuizTel Aviv / New York City / Haifa / Jerusalem / Los Angeles / Miami / Beersheba / Chicago / Philadelphia / Paris / Washington D.C. / Boston / Buenos Aires / San Francisco / Toronto / Atlanta / London / Moscow / San Diego / Montreal
84%
3 and 4 Letter Fruits and VegetablesDate / Fig / Kiwi / Lime / Pear / Plum / Beet / Corn / Kale / Leek / Okra / Pea / Yam
81%
Famous CatherinesKaty Perry / Kate Middleton / Kate Winslet / Katharine Hepburn / Katie Holmes / Catherine of Aragon / Catherine Howard / Catherine Parr / Katherine Heigl / Catherine Zeta-Jones / Kate Hudson / Kate Upton / Kathryn Bigelow / Katie Couric / Catherine Cookson / Catherine the Great / Kate Moss / Kate Gosselin / Cate Blanchett
75%
OPEC Countries QuizAlgeria / Angola / Ecuador / Equatorial Guinea / Gabon / Iran / Iraq / Kuwait / Libya / Nigeria / Republic of the Congo / Saudi Arabia / United Arab Emirates / Venezuela
69%
A to Z: Legendary CreaturesAngel / Basilisk / Cyclops / Dragon / Elf / Faun / Ghost / Hydra / Imp / Jackalope / Kelpie / Leprechaun / Mermaid / Nymph / Ogre / Pegasus / Quetzalcoatl / Reaper / Sphinx / Taniwha / Unicorn / Vampire / Werewolf / Xana / Yeti / Zombie
69%
Absolute Monarch CountriesBrunei / Eswatini / Oman / Qatar / Saudi Arabia / Vatican City
63%
Countries with the Highest TaxLesotho / Denmark / France / Belgium / Sweden / Finland / Italy / Austria / Cuba / Hungary / Netherlands / Greece / Serbia / Norway / Croatia / Germany / Luxembourg / Bosnia and Herzegovina / Slovenia / Iceland
56%
People with Animal Names QuizBuffalo Bill / Richard the Lion heart / Captain Jack Sparrow / Jack Sparrow /Crocodile Dundee / Cat Stevens / Crazy Horse / Newt Gingrich / Tiger Woods / Bear Bryant / Raven Symoné / Black Mamba / Howlin' Wolf / Fox Mulder / Atticus Finch / Beetle Bailey / Lance Bass / The Lizard / King Bird / Augustine of Hippo / Beaver Cleaver / Drake / Raging Bull
31%
Fictional Cities QuizBedrock / Gotham City / Springfield / Quahog / Bikini Bottom / Metropolis / Emerald City / Hogsmeade / Minas Tirith / Vice City / Cloud City / Zion / Mayberry / Arlen, Texas / Duloc / Orbit City / Sunnydale, CA / Hill Valley, CA / Amity Island / New New York / Kakariko Village / Bon Temps
28%

Score Distribution

Percentile by Number Answered

Percent of People with Each Score

Your Score History

You have not taken this quiz